EM-Kader 2024 der Deutschen Handball Nationalmannschaft - Statistiken

Allgemein
  • Dieses Quiz wurde 790 mal gespielt
    730 seit der letzten Aktualisierung
  • Das Durchschnittsergebnis liegt bei 13 aus 19
Antwortstatistiken
Position Name % Korrekt
TW Andreas Wolff
96%
RM Juri Knorr
93%
TW David Späth
88%
KL Johannes Golla
87%
KL Jannik Kohlbacher
84%
RL Julian Köster
83%
Trainer Alfred Gislason
78%
LA Rune Dahmke
75%
RR Renars Uscins
73%
KL Justus Fischer
72%
LA Lukas Mertens
70%
RA Timo Kastening
69%
RM/RR Nils Lichtlein
68%
RR Kai Häfner
59%
RL Sebastian Heymann
59%
RR/RA Christoph Steinert
58%
RA Lukas Zerbe
52%
RL Philipp Weber
48%
RL Martin Hanne
35%
Keine übereinstimmenden Quizze gefunden
Verteilung der Resultate
Anzahl Personen mit jedem Resultat
Perzentil nach korrekt beantworteten Fragen
Ihre Resultats-Entwicklung
Sie haben dieses Quiz seit der letzten Aktualisierung nicht gespielt